LEADER 04218nam 2200637Ia 450 001 9910452682103321 005 20200520144314.0 010 $a1-61761-752-0 035 $a(CKB)2550000001040618 035 $a(EBL)3017755 035 $a(SSID)ssj0000826948 035 $a(PQKBManifestationID)12337587 035 $a(PQKBTitleCode)TC0000826948 035 $a(PQKBWorkID)10819920 035 $a(PQKB)10802694 035 $a(MiAaPQ)EBC3017755 035 $a(Au-PeEL)EBL3017755 035 $a(CaPaEBR)ebr10654726 035 $a(OCoLC)923653569 035 $a(EXLCZ)992550000001040618 100 $a20091216d2010 uy 0 101 0 $aeng 135 $aur|n|---||||| 181 $ctxt 182 $cc 183 $acr 200 10$aBioencapsulation in silica-based nanoporous sol-gel glasses$b[electronic resource] /$fBouzid Menaa, Farid Menaa and Olga Sharts 210 $aNew York $cNova Science Publishers$dc2010 215 $a1 online resource (84 p.) 225 1 $aNanotechnology science and technology 300 $aDescription based upon print version of record. 311 $a1-60876-989-5 320 $aIncludes bibliographical references (p. [51]-66) and index. 327 $a""BIOENCAPSULATION IN SILICA-BASED NANOPOROUS SOL-GEL GLASSES ""; ""BIOENCAPSULATION IN SILICA-BASED NANOPOROUS SOL-GEL GLASSES ""; ""CONTENTS""; ""PREFACE""; ""ABSTRACT ""; ""1. INTRODUCTION""; ""2. BIOENCAPSULATION VIA SOL-GEL PROCESS IN SILICA-BASED MATERIALS: METHOD, MATERIALS, BIOAPPLICATIONS, AND CHARACTERIZATION TECHNIQUES ""; ""2.1. Protein Bioencapsulation via Sol-Gel Process""; ""2.2. Materials and Bioapplications""; ""2.3. Probing the Silica-Protein Interactions and Protein-Folding""; ""2.3.1. Characterization of the Silica Host Matrix"" 327 $a""2.3.2. Characterizing the Protein Folding in Nanoporous Sol-Gel Glasses """"3. PARAMETERS INFLUENCING THE PROTEIN CONFORMATION IN NANOPOROUS SILICA-BASED SOL-GEL GLASSES ""; ""3.1. INTRODUCTION TO THERMODYNAMICSa??? DRIVING FORCES AND INTERACTIONS INFLUENCING THE PROTEIN FOLDING IN SILICA-BASED NANOPOROUS MATERIALS""; ""3.2. The Surface Hydration and Hydrophobicity Influence the Protein Folding in Nanoporous Sol-Gel Glasses ""; ""3.2.1. Hydrophobic Effects on Protein Conformation Induced by Silica Glass Surface Modification with Hydrophobic Organosilanes Precursors "" 327 $a""3.2.2. Hydrophobic Effects Induced by the Decrease of siloxane a???[O-Si-O]- Network Dimension by Glass Surface Modification with Multiple Hydrophobic Alkyl Groups Attached at the Silicon of Organosilane Precursors""""3.2.3. Solute Effects and Hofmeister Ions Effects""; ""3.3. STERIC EFFECTS INDUCED BY THE CHOICE OF CROWDED SILANE MODIFIERS IN TMOS- DERIVED SOL-GEL GLASSES THE HOST MATRIX ""; ""3.4. INFLUENCE OF THE PORE SIZE, PORE SHAPE AND SURFACE AREA OF THE SILICA-BASED HOST MATRIX ON PROTEIN FOLDING ""; ""3.5. THERMAL STABILITY OF PROTEINS CONFINED IN THE POROUS HOST MATRIX "" 327 $a""4. ENHANCING THE PROTEIN FOLDING BY INTRODUCING AND ASSOCIATING HYDROPHOBIC AND STERIC EFFECTS IN MODIFIED SILICA-BASED POROUS GLASSES """"4.1. INCORPORATING FLUORO-BASED ORGANOSILANES IN TO FORM SUPERHYDROPHOBIC CROWDED ORGANICALLY MODIFIED SILICA BASED HOST MATRICES""; ""4.2. INCORPORATING PHOSPHONATE GROUPS IN HYDROPHOBIC SILICA NETWORK ""; ""5. EMERGING TECHNIQUES FOR A BETTER UNDERSTANDING OF PROTEIN INTERACTIONS AND CONFORMATIONS IN NANOPOROUS SOL-GEL GLASSES ""; ""5.1. IN-SITU MAS NMR""; ""5.2. FLUORO-RAMAN SPECTROSCOPY""; ""CONCLUSION ""; ""REFERENCES""; ""INDEX "" 410 0$aNanotechnology science and technology series. 606 $aBiocolloids 606 $aProtein folding 606 $aSilica gel 608 $aElectronic books. 615 0$aBiocolloids. 615 0$aProtein folding. 615 0$aSilica gel. 676 $a612/.01575 700 $aMenaa$b Bouzid$0905184 701 $aMenaa$b Farid$0905185 701 $aSharts$b Olga$0905186 801 0$bMiAaPQ 801 1$bMiAaPQ 801 2$bMiAaPQ 906 $aBOOK 912 $a9910452682103321 996 $aBioencapsulation in silica-based nanoporous sol-gel glasses$92024469 997 $aUNINA LEADER 02643nam 2200625 450 001 9910797255103321 005 20230120043620.0 010 $a1-4571-9539-9 010 $a0-87421-982-5 035 $a(CKB)3710000000421284 035 $a(EBL)2065170 035 $a(SSID)ssj0001497516 035 $a(PQKBManifestationID)11920839 035 $a(PQKBTitleCode)TC0001497516 035 $a(PQKBWorkID)11495145 035 $a(PQKB)10448479 035 $a(OCoLC)910823876 035 $a(MdBmJHUP)muse42296 035 $a(Au-PeEL)EBL3442947 035 $a(CaPaEBR)ebr11063898 035 $a(CaONFJC)MIL801006 035 $a(Au-PeEL)EBL2065170 035 $a(MiAaPQ)EBC3442947 035 $a(MiAaPQ)EBC2065170 035 $a(EXLCZ)993710000000421284 100 $a20150617h20152015 uy 0 101 0 $aeng 135 $aur|n|---||||| 181 $ctxt 182 $cc 183 $acr 200 10$aDialectical rhetoric /$fBruce McComiskey 210 1$aLogan, [Utah] :$cUtah State University Press,$d2015. 210 4$dİ2015 215 $a1 online resource (237 p.) 300 $aDescription based upon print version of record. 311 $a0-87421-981-7 320 $aIncludes bibliographical references and index. 327 $aHistorical trajectories of dialectic and rhetoric -- Dialectic in (and out of) rhetoric and composition -- The dimensions of rhetoric -- Three-dimensional dialectical rhetorics -- Three-dimensional dialectical rhetorics in digital context. 330 $a In Dialectical Rhetoric, Bruce McComiskey argues that the historical conflict between rhetoric and dialectic can be overcome in ways useful to both composition theory and the composition classroom.Historically, dialectic has taken two forms in relation to rhetoric. First, it has been the logical development of linear propositions leading to necessary conclusions, a one-dimensional form that was the counterpart of rhetorics in which philosophical, metaphysical, and scientific truths were conveyed with as little cognitive interference from language as possible. Second, dialectic has been the to 606 $aPersuasion (Rhetoric) 606 $aRhetoric$xStudy and teaching$xHistory 606 $aRhetoric$xData processing 615 0$aPersuasion (Rhetoric) 615 0$aRhetoric$xStudy and teaching$xHistory. 615 0$aRhetoric$xData processing. 676 $a808 700 $aMcComiskey$b Bruce$f1963-$0881606 801 0$bMiAaPQ 801 1$bMiAaPQ 801 2$bMiAaPQ 906 $aBOOK 912 $a9910797255103321 996 $aDialectical rhetoric$93857393 997 $aUNINA